Giáo trình tài nguyên khí hậu

Khái niệm cơ bản về khí tượng và khí hậu. Các nhân tố hình thành khí hậu. Khí hậu và tài nguyên khí hậu Việt Nam. Sự biến đổi của khí hậu

Đã lưu trong:
書目詳細資料
主要作者: Mai Trọng Thông (ch.b)
其他作者: Hoàng Xuân Cơ (Tác giả)
格式: 圖書
語言:Vietnamese
出版: H. Đại học Quốc gia Hà Nội 2002
版:In lần thứ 2
主題:
標簽: 添加標簽
沒有標簽, 成為第一個標記此記錄!
Thư viện lưu trữ: Mạng thư viện Đại học Đà Nẵng
LEADER 01431nam a2200385 4500
001 000008664
003 4856
005 20111019141006.0
008 111019s2002 viesd
020 |c 11000đ 
041 0 |a vie 
082 |a 551.6071  |b MA-T 
100 0 |a Mai Trọng Thông 
245 0 |a Giáo trình tài nguyên khí hậu  |c B.s: Mai Trọng Thông (ch.b), Hoàng Xuân Cơ 
250 |a In lần thứ 2 
260 |a H.  |b Đại học Quốc gia Hà Nội  |c 2002 
300 |a 144tr.  |b hình vẽ, bảng  |c 21 cm 
500 |a Thư mục: tr. 137-138 
520 |a Khái niệm cơ bản về khí tượng và khí hậu. Các nhân tố hình thành khí hậu. Khí hậu và tài nguyên khí hậu Việt Nam. Sự biến đổi của khí hậu 
653 |a Khí hậu 
653 |a Tài nguyên 
653 |a Giáo trình 
700 |a Hoàng Xuân Cơ  |e Tác giả 
700 |a Mai Trọng Thông  |e ch.b 
910 |a Thanh  |d 19/10/2011 
OWN |a LSP 
AVA |a UDN50  |b LSP  |d 551.6071 MA-T  |e check_holdings  |t Error 5003 Not defined in file expand_doc_bib_avail.  |h N  |k 1 
999 |a From the UDN01 
AVA |a UDN50  |b LSP  |d 551.6071 MA-T  |e available  |t Error 5001 Not defined in file expand_doc_bib_avail.  |f 98  |g 0  |h N  |i 8  |k 1 
TYP |a Monograph 
TYP |a Printed language 
980 |a Mạng thư viện Đại học Đà Nẵng